Statistics for Starman - David Bowie (All Lyrics)

Click here to take the quiz!

General Stats

  • This quiz has been taken 97 times
  • The average score is 155 of 245

Answer Stats

Answer% Correct
the
100%
I
99%
'n'
94%
in
93%
starman
93%
a
92%
sky
90%
He
89%
he
89%
waiting
89%
to
87%
There's
86%
me
85%
us
85%
my
83%
and
80%
blow
79%
it
79%
But
77%
know
77%
like
77%
minds
77%
Then
77%
come
76%
our
76%
he'd
75%
He'd
75%
children
73%
Let
73%
meet
73%
no
72%
thinks
72%
we
70%
all
66%
told
66%
not
65%
was
65%
on
63%
time
63%
light
62%
He's
61%
radio
61%
boogie
59%
did
59%
Didn't
59%
were
59%
knows
58%
la
58%
La
58%
low
58%
so
58%
'Cause
56%
it's
56%
lights
56%
rock
56%
roll
56%
lose
55%
use
55%
That
54%
that
54%
what
54%
you
52%
Some
51%
some
51%
cat
48%
see
48%
back
45%
worthwhile
44%
DJ
42%
down
41%
layin'
41%
leaned
41%
too
41%
up
41%
can
37%
him
37%
out
37%
channel
35%
heard
34%
your
34%
cosmic
32%
fade
32%
seem
32%
two
32%
get
30%
of
30%
pick
30%
Don't
28%
had
28%
hazy
28%
may
28%
said
28%
tell
28%
that's
28%
TV
28%
far
27%
he'll
27%
his
27%
If
27%
or
27%
sound
27%
Came
25%
Look
25%
jive
24%
phone
24%
picked
24%
slow
24%
someone
24%
voice
24%
wave
24%
weren't
24%
Hey
23%
locked
23%
loud
23%
sparkle
23%
Switch
23%
tonight
23%
soul"
21%
papa
20%
window
20%
"Lotta
18%
fright
15%
land
15%
phase
13%

Score Distribution

Percentile by Number Answered

Percent of People with Each Score

Your Score History

You have not taken this quiz